[Event "Mittelfranken Landesliga Nord 2122"]
[Site "Mittelfranken"]
[Date "2021.10.24"]
[Round "1.7"]
[White "Mittag, Ralf"]
[Black "Ter Akopyan, Bagrat"]
[Result "1-0"]
[WhiteElo "2061"]
[BlackElo "2045"]
[PlyCount "173"]
[EventDate "2021.10.24"]
[EventType "team-tourn"]
[EventRounds "9"]
[EventCountry "GER"]
[SourceTitle "EXT 2024"]
[Source "ChessBase"]
[SourceDate "2023.10.10"]
[SourceVersion "1"]
[SourceVersionDate "2023.10.10"]
[SourceQuality "1"]
[WhiteTeam "Bamberg SC"]
[BlackTeam "Herzogenaurach"]
[WhiteTeamCountry "GER"]
[BlackTeamCountry "GER"]

1. e4 c5 2. Nf3 d6 3. g3 Nf6 4. d3 g6 5. Bg2 Bg7 6. 0-0 0-0 7. Re1 Nc6 8. Nc3 Bd7 9. e5 dxe5 10. Nxe5 Rc8 11. Nxd7 Qxd7 12. Rb1 Rfd8 13. Be3 b6 14. h3 Nd4 15. f4 Qf5 16. Bf2 Rc7 17. Ne4 Qc8 18. a3 Rcd7 19. Nd2 b5 20. Nf3 Nxf3+ 21. Qxf3 Nd5 22. Qe2 e6 23. Red1 h5 24. h4 a6 25. c4 Ne7 26. cxb5 axb5 27. Rbc1 Rc7 28. Be4 Nf5 29. Bxf5 exf5 30. Rc2 b4 31. axb4 cxb4 32. Rxc7 Qxc7 33. d4 Qc6 34. Qd2 Qf3 35. Re1 Bf6 36. Re3 Qd5 37. Rd3 Ra8 38. Qd1 Ra2 39. Rd2 Kg7 40. Kh2 Ra6 41. Rd3 Re6 42. Kg1 Ra6 43. Kh2 Kg8 44. Qb3 Qe4 45. Re3 Qc6 46. Re1 Qb5 47. Kg2 Rd6 48. Rd1 Rd5 49. Qf3 Qc4 50. b3 Qb5 51. Qd3 Qc6 52. Kg1 Qd6 53. Qc4 Kg7 54. Kg2 Bd8 55. Ra1 Bb6 56. Ra6 Ra5 57. Rxa5 Bxa5 58. d5 Bb6 59. Qc6 Qxc6 60. dxc6 Bc7 61. Bd4+ f6 62. Bc5 Kf7 63. Bxb4 Ke6 64. Bc3 Kd5 65. Bxf6 Kxc6 66. Bc3 Bb6 67. Kf3 Kd5 68. Bd2 Bc5 69. Be3 Bb4 70. Ba7 Be1 71. Bf2 Bb4 72. Ke3 Bc5+ 73. Ke2 Bb4 74. Kd3 Ba5 75. Ke3 Bb4 76. Ke2 Ba5 77. Be1 Bb6 78. Kd3 Bc5 79. b4 Bg1 80. Kc3 Be3 81. Kb3 Bb6 82. Ka4 Kc4 83. b5 Kd3 84. Ba5 Bc5 85. Bc7 Ke3 86. b6 Kf3 87. b7 1-0

[Event "GER-ch Net blitz qual4"]
[Site "Playchess.com INT"]
[Date "2021.05.10"]
[Round "10"]
[White "Perske, Thore"]
[Black "Mittag, Ralf"]
[Result "1-0"]
[WhiteElo "2653"]
[BlackElo "2114"]
[PlyCount "97"]
[EventDate "2021.05.10"]
[EventType "swiss (blitz)"]
[EventRounds "11"]
[EventCountry "GER"]
[SourceTitle "CBM 202 Extra"]
[Source "ChessBase"]
[SourceDate "2021.07.31"]
[SourceVersion "1"]
[SourceVersionDate "2021.07.31"]
[SourceQuality "1"]

1. e4 g6 2. d4 Bg7 3. Nc3 d6 4. Nge2 Nc6 5. Be3 e5 6. d5 Nce7 7. h4 f5 8. f3 Nf6 9. Qd2 b5 10. a3 f4 11. Bf2 Rb8 12. b4 Bd7 13. Nc1 0-0 14. Nb3 c6 15. Bxa7 Rb7 16. dxc6 Bxc6 17. Bf2 d5 18. Nc5 dxe4 19. Qxd8 Rxd8 20. Nxb7 Bxb7 21. fxe4 Nxe4 22. Nxe4 Bxe4 23. c4 bxc4 24. Bxc4+ Kh8 25. 0-0 Ba8 26. Rfd1 Rc8 27. Bc5 Nf5 28. Bd5 e4 29. Bxa8 Rxa8 30. Rab1 Nxh4 31. b5 f3 32. gxf3 Nxf3+ 33. Kf2 Ne5 34. Ke3 Nd3 35. Bd4 Bxd4+ 36. Kxd4 Rxa3 37. b6 Ra8 38. b7 Rb8 39. Rd2 Nf4 40. Rc2 Kg7 41. Rc8 Rxb7 42. Rxb7+ Kh6 43. Kxe4 Ne6 44. Ke5 Ng5 45. Rh8 Kh5 46. Rbxh7+ Nxh7 47. Rxh7+ Kg4 48. Kf6 g5 49. Rg7 1-0

[Event "GER Cup Net V4 U2400"]
[Site "Playchess.com INT"]
[Date "2020.05.31"]
[Round "3"]
[White "Mittag, Ralf"]
[Black "Wichmann, Cliff"]
[Result "0-1"]
[WhiteElo "1978"]
[BlackElo "2189"]
[PlyCount "70"]
[EventDate "2020.05.31"]
[EventType "swiss (blitz)"]
[EventRounds "9"]
[EventCountry "GER"]
[SourceTitle "EXT 2021"]
[Source "ChessBase"]
[SourceDate "2020.10.23"]
[SourceVersion "1"]
[SourceVersionDate "2020.10.23"]
[SourceQuality "1"]

1. e4 e6 2. d3 d5 3. Nd2 Nf6 4. Ngf3 b6 5. e5 Nfd7 6. g3 c5 7. Bg2 Nc6 8. 0-0 Ndxe5 9. Nxe5 Nxe5 10. Re1 Ng6 11. c4 Bb7 12. Qa4+ Qd7 13. Qxd7+ Kxd7 14. b3 Kc7 15. Bb2 Rd8 16. Rad1 Rg8 17. h4 Be7 18. h5 Nf8 19. cxd5 Bxd5 20. Ne4 Nd7 21. d4 Kb7 22. dxc5 Nxc5 23. Nxc5+ Bxc5 24. Bxd5+ Rxd5 25. Rxd5 exd5 26. Re5 Kc6 27. Rf5 f6 28. h6 d4 29. hxg7 Rxg7 30. Rxf6+ Kd5 31. Kf1 Re7 32. Rf5+ Ke4 33. g4 Kd3 34. Bc1 Kc2 35. Bg5 Rd7 0-1

[Event "GER Cup Net V3 U2400"]
[Site "Playchess.com INT"]
[Date "2020.05.27"]
[Round "8"]
[White "Mittag, Ralf"]
[Black "Kull, Florian"]
[Result "0-1"]
[WhiteElo "1989"]
[BlackElo "1935"]
[PlyCount "140"]
[EventDate "2020.05.27"]
[EventType "swiss (blitz)"]
[EventRounds "9"]
[EventCountry "GER"]
[SourceTitle "EXT 2021"]
[Source "ChessBase"]
[SourceDate "2020.10.23"]
[SourceVersion "1"]
[SourceVersionDate "2020.10.23"]
[SourceQuality "1"]

1. e4 e6 2. d3 d5 3. Nd2 Nf6 4. Ngf3 Nc6 5. g3 dxe4 6. dxe4 e5 7. Bg2 Bc5 8. 0-0 0-0 9. c3 a5 10. Qc2 b6 11. Rd1 Ng4 12. Nf1 Qe7 13. Rd2 Rd8 14. Rxd8+ Qxd8 15. Ne3 Nxe3 16. Bxe3 Bxe3 17. fxe3 Bb7 18. Rd1 Qe7 19. Rd5 Re8 20. Qd1 Bc8 21. h4 Be6 22. Rd2 f6 23. Qa4 Qc5 24. Kf2 Re7 25. Bf1 Bd7 26. Bb5 Be8 27. Qc4+ Qxc4 28. Bxc4+ Bf7 29. Bd5 Nd8 30. b4 axb4 31. cxb4 Kf8 32. Rc2 Rd7 33. Bxf7 Kxf7 34. Ke2 Ke7 35. a4 Ne6 36. Nd2 c5 37. bxc5 Nxc5 38. a5 Na4 39. axb6 Nxb6 40. Rc6 Rb7 41. Nb3 Nd7 42. Na5 Ra7 43. Nc4 Ra2+ 44. Kf3 Rc2 45. Rc8 h6 46. Nb6 Rxc8 47. Nxc8+ Ke6 48. Kg4 g6 49. h5 f5+ 50. exf5+ gxf5+ 51. Kf3 Nf6 52. Nb6 Nxh5 53. g4 e4+ 54. Kg2 fxg4 55. Nc4 Nf6 56. Kg3 h5 57. Kh4 Kf5 58. Nd6+ Ke5 59. Nf7+ Kf5 60. Nd6+ Ke6 61. Nc4 Kd5 62. Nd2 Ke5 63. Nc4+ Kd5 64. Nd2 Kc5 65. Nf1 Kb4 66. Kg5 Nd5 67. Kxh5 Kc3 68. Kxg4 Kd3 69. Kf5 Nxe3+ 70. Nxe3 Kxe3 0-1

[Event "GER Cup Net V3 U2400"]
[Site "Playchess.com INT"]
[Date "2020.05.27"]
[Round "6"]
[White "Roelle, Philipp"]
[Black "Mittag, Ralf"]
[Result "1-0"]
[WhiteElo "1867"]
[BlackElo "2034"]
[PlyCount "41"]
[EventDate "2020.05.27"]
[EventType "swiss (blitz)"]
[EventRounds "9"]
[EventCountry "GER"]
[SourceTitle "EXT 2021"]
[Source "ChessBase"]
[SourceDate "2020.10.23"]
[SourceVersion "1"]
[SourceVersionDate "2020.10.23"]
[SourceQuality "1"]

1. Nf3 g6 2. d4 Bg7 3. e4 d6 4. Be3 c5 5. Nc3 cxd4 6. Nxd4 Nc6 7. Be2 Nf6 8. Qd2 Ng4 9. Bxg4 Bxg4 10. f3 Bd7 11. 0-0-0 0-0 12. h4 h5 13. g4 hxg4 14. h5 Ne5 15. hxg6 fxg6 16. Bh6 Nf7 17. Be3 Rc8 18. Qh2 Re8 19. Qh7+ Kf8 20. Qxg6 Ne5 21. Rh8+ 1-0

[Event "GER Cup Net V1 U2400"]
[Site "Playchess.com INT"]
[Date "2020.05.19"]
[Round "1"]
[White "Eilenberg, Jonas"]
[Black "Mittag, Ralf"]
[Result "1-0"]
[WhiteElo "1620"]
[BlackElo "2017"]
[PlyCount "87"]
[EventDate "2020.05.19"]
[EventType "swiss (blitz)"]
[EventRounds "9"]
[EventCountry "GER"]
[SourceTitle "EXT 2021"]
[Source "ChessBase"]
[SourceDate "2020.10.23"]
[SourceVersion "1"]
[SourceVersionDate "2020.10.23"]
[SourceQuality "1"]

1. d4 g6 2. Nf3 Bg7 3. c4 d6 4. Nc3 Nc6 5. e4 Bg4 6. Be3 e5 7. d5 Nd4 8. Be2 Bxf3 9. Bxf3 c5 10. 0-0 Ne7 11. a3 0-0 12. b4 b6 13. Rb1 f5 14. bxc5 bxc5 15. Bg5 h6 16. Bxe7 Qxe7 17. Be2 Rab8 18. f3 Rb7 19. Rxb7 Qxb7 20. Nb5 Qa6 21. Bd3 Nxb5 22. cxb5 Qxa3 23. Qc2 f4 24. Rb1 Rb8 25. Qb3 Qa5 26. Bc4 Bf6 27. Qb2 Bh4 28. Ra1 Qb6 29. Qc3 Rb7 30. Ra6 Qc7 31. Qa1 Bd8 32. Rc6 Qe7 33. Qa6 Rb6 34. Qc8 Rxc6 35. dxc6+ Kg7 36. Bd5 Bb6 37. Qa8 Kf6 38. Kf1 Kg5 39. Qh8 Kh5 40. Qc8 Qh4 41. c7 c4 42. Qg4+ Qxg4 43. fxg4+ Kg5 44. c8Q 1-0

[Event "GER-ch Net blitz qual5"]
[Site "Playchess.com INT"]
[Date "2020.03.28"]
[Round "11"]
[White "Hagner, Bennet"]
[Black "Mittag, Ralf"]
[Result "0-1"]
[WhiteElo "2034"]
[BlackElo "2089"]
[PlyCount "60"]
[EventDate "2020.03.28"]
[EventType "swiss (blitz)"]
[EventRounds "13"]
[EventCountry "GER"]
[SourceTitle "CBM 195 Extra"]
[Source "ChessBase"]
[SourceDate "2020.05.31"]
[SourceVersion "1"]
[SourceVersionDate "2020.05.31"]
[SourceQuality "1"]

1. e4 g6 2. d4 Bg7 3. Nf3 d6 4. Nc3 Bg4 5. Bc4 Nf6 6. h3 Bxf3 7. Qxf3 Nc6 8. Be3 0-0 9. 0-0-0 a6 10. h4 e5 11. d5 Nd4 12. Bxd4 exd4 13. Rxd4 Nd7 14. Rdd1 b5 15. Bb3 Ne5 16. Qe2 Qf6 17. g3 Nf3 18. h5 a5 19. hxg6 hxg6 20. Qxb5 Rfb8 21. Qc6 a4 22. Bxa4 Rxa4 23. Qxa4 Qg5+ 24. Kb1 Bxc3 25. b3 Nd2+ 26. Rxd2 Qxd2 27. Qc6 Bg7 28. Qxc7 Re8 29. a4 Qd4 30. Ka2 Qb2# 0-1